| 000 | 00768nam a22001817a 4500 | ||
|---|---|---|---|
| 005 | 20251103123611.0 | ||
| 100 | _aKala, R.G. | ||
| 245 | _aIsopentenyl transferase (IPT) gene incorporated GM rubber | ||
| 260 |
_bNatural Rubber Industry: Way forward for the Competitiveness and Sustainability: Proceedings of the International Rubber Conference 2019, 30 September- 1st October 2019, International Rubber Research and Development Board and Myanmar Rubber Planters and Producers Association, Nai Pyi Taw, Myanmar, pp. 228-243. _c2022 |
||
| 650 | _aIsopentenyl transferase | ||
| 650 | _aGenetic transformation | ||
| 650 | _aCytokinesis | ||
| 700 | _aJayashree, R. | ||
| 700 | _aUratsu, P. | ||
| 700 | _aDandekar, A.M. | ||
| 700 | _aThulaseedharan, A. | ||
| 942 | _cAR | ||
| 999 |
_c75732 _d75732 |
||